000 00555nam a22001697a 4500
999 _c15729
_d15729
008 201112b ||||| |||| 00| 0 eng d
020 _a9-71084611-6 (pbk)
082 _21990
_aDFil 658.302
_bL57
100 _aLeveriza, Jose P.
_934982
245 _aSupervisory leadership/
_cJose P. Leveriza
260 _aMetro Manila:
_b National Bookstore,
_c©1990.
300 _a164 pages;
_c22 cm.
500 _aIncludes bibliographical references and index.
650 _aPersonnel management.
_942540
650 _aLeadership.
_942541
942 _2ddc
_cDFIL